Catálogo
 En Linea

Sandokan / (Registro nro. 23554)

Detalles MARC
000 -CABECERA
campo de control de longitud fija 00562nam a2200205 a 4500
001 - NÚMERO DE CONTROL
campo de control 000024059
005 - FECHA Y HORA DE LA ÚLTIMA TRANSACCIÓN
campo de control 20200930022701.0
008 - DATOS DE LONGITUD FIJA--INFORMACIÓN GENERAL
campo de control de longitud fija 110118s1976 sp a r 000 0 spa d
020 ## - NÚMERO INTERNACIONAL ESTÁNDAR DEL LIBRO
Número Internacional Estándar del Libro 8485056035
040 ## - FUENTE DE LA CATALOGACIÓN
Centro catalogador/agencia de origen DO-SdBNP
Lengua de catalogación spa
Centro/agencia transcriptor BNPHU
082 ## - NÚMERO DE LA CLASIFICACIÓN DECIMAL DEWEY
Número de clasificación xxxxx
Número de documento/Ítem S164s
049 ## - FONDOS LOCALES (OCLC)
Fondos de biblioteca BNGR
100 1# - ENTRADA PRINCIPAL--NOMBRE DE PERSONA
Nombre de persona Salgari, E.
9 (RLIN) 49435
245 10 - MENCIÓN DE TÍTULO
Título Sandokan /
Mención de responsabilidad, etc. E. Salgari.
260 ## - PUBLICACIÓN, DISTRIBUCIÓN, ETC.
Lugar de publicación, distribución, etc. Barcelona :
Nombre del editor, distribuidor, etc. Los Libros de Plon,
Fecha de publicación, distribución, etc. 1976.
300 ## - DESCRIPCIÓN FÍSICA
Extensión 94 p. :
Otras características físicas il. ;
Dimensiones 27.5 cm.
490 1# - MENCIÓN DE SERIE
Mención de serie Amadis ;
Designación de volumen o secuencia 2
500 ## - NOTA GENERAL
Nota general Incluye notas al pie de las páginas.
830 #0 - PUNTO DE ACCESO ADICIONAL DE SERIE-TÍTULO UNIFORME
Título uniforme Amadis ;
Número de parte o sección de la obra 2
9 (RLIN) 49436
Existencias
Estado de retiro Estado de pérdida Restricciones de uso No para préstamo Código de colección Localización permanente Ubicación/localización actual Ubicación en estantería Fecha de adquisición Número de inventario Total de préstamos Signatura topográfica completa Código de barras Fecha visto por última vez Precio válido a partir de Tipo de ítem Koha
        Monografías: Libros y Folletos General General En catalogación 18.01.2011 LF1   xxxxx S164s 24059-10 25.06.2020 25.06.2020 Préstamo en sala

Con tecnología Koha